Basic geological mapping / (Record no. 616653)

000 -LEADER
fixed length control field 00499nam a22001817a 4500
020 ## - INTERNATIONAL STANDARD BOOK NUMBER
International Standard Book Number 9780470686348
082 ## - DEWEY DECIMAL CLASSIFICATION NUMBER
Classification number 550.223
Author Mark LIS
100 ## - MAIN ENTRY--PERSONAL NAME
Personal name Lisle, Richard J.
245 ## - TITLE STATEMENT
Title Basic geological mapping /
Statement of responsibility, etc. Richard J. Lisle, Peter Brabham, John W. Barnes.
250 ## - EDITION STATEMENT
Edition statement 5th ed.
260 ## - PUBLICATION, DISTRIBUTION, ETC.
Place of publication, distribution, etc. Oxford:
Name of publisher, distributor, etc. John Wiley & Sons;
Date of publication, distribution, etc. 2011.
300 ## - PHYSICAL DESCRIPTION
Extent 217 p
504 ## - BIBLIOGRAPHY, ETC. NOTE
Bibliography, etc. note Kazakh Language
563 ## - BINDING INFORMATION
Binding note PB
650 ## - SUBJECT ADDED ENTRY--TOPICAL TERM
Topical term or geographic name entry element Geological mapping
650 ## - SUBJECT ADDED ENTRY--TOPICAL TERM
Topical term or geographic name entry element Fieldwork
942 ## - ADDED ENTRY ELEMENTS (KOHA)
Source of classification or shelving scheme
Koha item type Book
650 ## - SUBJECT ADDED ENTRY--TOPICAL TERM
-- 25034
650 ## - SUBJECT ADDED ENTRY--TOPICAL TERM
-- 133689
Holdings
Withdrawn status Lost status Source of classification or shelving scheme Materials specified (bound volume or other part) Damaged status Not for loan Permanent Location Current Location Date acquired Coded location qualifier Total Checkouts Full call number Barcode Date last seen Price effective from Koha item type Public note
      Satbayev Centre     Central Library (CL) Central Library (CL) 03/12/2026 Satbayev C   550.223 LIS CL-D-3234 03/12/2026 03/12/2026 Book Satbayev Centre
© 2023 Central Library, National University of Sciences and Technology. All Rights Reserved.